Département Aveyron - Statistiques

Statistiques générales
  • Ce quiz a été pris 179 fois
  • Le résultat moyen est 5 sur 20
Statistiques - réponses
Indices Réponses % Correct
Quel numéro porte le département de l'Aveyron ? 12
100%
Quel est le chef-lieu départemental ? Rodez
96%
Quelle rivière franchit le viaduc de Millau construit en 2004 ? Tarn
38%
Quel nom porte « la cité des insectes » de Lévézou, espace consacré à la sensibilisation au monde des insectes ? Micropolis
36%
Quel fromage à pâte persillée d'appellation d'oringe protégée est élaboré à partir de lait cru de brebis dans les causses et vallées aveyronnaises ? Roquefort
33%
Quel objet au cœur de nombreux procès quant à son origine est reconnaissable à son abeille, ou mouche ? Couteau laguiole
28%
Où la rivière Dourdou a-t-elle creusé le « trou », une gorge de plus de cent mètres de profondeur en forme de fer à cheval ? Bozouls
27%
Qui fut élu en 2016 meilleur chef du monde pour la cuisine qu'il sert dans son restaurant du Suquet ? Michel Bras
26%
Quel causse fut occupé de 1971 à 1981 par un mouvement de désobéissance civile luttant contre l'expansion d'un camp militaire ? Causse du Larzac
25%
À l'exception d'un territoire aujourd'hui attaché au Tarn-et-Garonne, de quelle ancienne province le département a-t-il repris les limites ? Rouergue
20%
Où se situe le second marché au bestiaux de France, après celui de Bourg-en-Bresse, dans l'Ain ? Laissac
12%
Quel petit village de 188 habitants (2018) possède des remparts classés depuis 1895 et une commanderie classée depuis 1945 ? La Couvertoirade
10%
Inventé à Espalion, quel sport, évolution du jeu à neuf quilles, est inscrit depuis 2012 à l'inventaire du patrimoine culturel immatériel de France ? Quilles de huit
10%
Quelle ville, au nom à consonance continentale, donne aussi son nom à une région naturelle ? Saint-Affrique
7%
Comment se nomme la célèbre affaire judiciaire qui a défrayé la chronique à la suite de l'assassinat d'un procureur impérial en 1817 ? Affaire Fualdès
4%
Quelle abbatiale qualifiée d'église de pèlerinage, construite dès 1041 par l'abbé Odolric, contient des pièces d'art carolingiennes uniques ? Sainte-Foy de Conques
3%
Quel homme d'État, diplomate et écrivain membre de l'Académie française est né en 1925 à Najac et passe les années de guerre dans la clandestinité en Aveyron ? Alain Peyrefitte
1%
Quel mammifère fut réintroduit de 1977 à 1980 dans les Cévennes et cause aujourd'hui de grands dégâts dans les gorges de la Dourbie ? Castor d'Europe
0%
Quel clapier – ou éboulis - est improprement dénommé « coulée de lave de Roquelaure » ? Clapas de Thubiès
0%
Au même endroit, comme s'appelle le festival musical de plein air créé en 1992 dont l'objectif est d'être interculturel et multigénérationnel ? Ramazick
0%
Aucun quiz correspondant
Distribution des résultats
% des personnes avec chaque résultat
Percentile par nombre de réponses
Votre historique - résultats
Vous n’avez pas pris ce quiz